<?xml version="1.0" encoding="UTF-8"?>
<collection xmlns="http://www.loc.gov/MARC21/slim">
 <record>
  <leader>00730cam a2200205 7i4500</leader>
  <controlfield tag="001">0000054666</controlfield>
  <controlfield tag="005">20080214090000.0</controlfield>
  <controlfield tag="008">071230s2006       a          0     may   </controlfield>
  <datafield tag="090" ind1="0" ind2="0">
   <subfield code="a">LB 1065 </subfield>
   <subfield code="b">.S58 2006</subfield>
  </datafield>
  <datafield tag="100" ind1="0" ind2="0">
   <subfield code="a">Shukri Abdullah, </subfield>
   <subfield code="c">Dr. </subfield>
  </datafield>
  <datafield tag="245" ind1="1" ind2="0">
   <subfield code="a">Masa oh! masa  </subfield>
   <subfield code="c">Dr. Shukri Abdullah.</subfield>
  </datafield>
  <datafield tag="260" ind1="0" ind2="0">
   <subfield code="a">Kuala Lumpur: </subfield>
   <subfield code="b">Telaga Biru, </subfield>
   <subfield code="c">2006.</subfield>
  </datafield>
  <datafield tag="300" ind1=" " ind2=" ">
   <subfield code="a">1 compactdisc (45 min): </subfield>
   <subfield code="b">sd., digital; </subfield>
   <subfield code="c">4 3/4 in..</subfield>
  </datafield>
  <datafield tag="490" ind1="0" ind2="0">
   <subfield code="a">Kuasai matapelajaran cemerlang peperiksaan</subfield>
  </datafield>
  <datafield tag="538" ind1="0" ind2="0">
   <subfield code="a">DVD-R</subfield>
  </datafield>
  <datafield tag="650" ind1="0" ind2="0">
   <subfield code="a">Time management </subfield>
  </datafield>
  <datafield tag="650" ind1="0" ind2="0">
   <subfield code="a">Motivation in education </subfield>
  </datafield>
  <datafield tag="710" ind1="2" ind2="1">
   <subfield code="a">Telaga Biru </subfield>
  </datafield>
  <datafield tag="999" ind1=" " ind2=" ">
   <subfield code="a">1100051291</subfield>
   <subfield code="b">CD-ROM</subfield>
   <subfield code="c">Bahan Sumber Media</subfield>
   <subfield code="e">BILIK BAHAN SUMBER MEDIA</subfield>
  </datafield>
  <datafield tag="999" ind1=" " ind2=" ">
   <subfield code="a">1100052883</subfield>
   <subfield code="b">CD-ROM</subfield>
   <subfield code="c">Bahan Sumber Media</subfield>
   <subfield code="e">BILIK BAHAN SUMBER MEDIA</subfield>
  </datafield>
 </record>
</collection>
